Network Security First-Step (Record no. 66542)

MARC details
000 -LEADER
fixed length control field 00450nam a22001697a 4500
020 ## - INTERNATIONAL STANDARD BOOK NUMBER
ISBN 9788131787014(Paperback)
082 ## - DEWEY DECIMAL CLASSIFICATION NUMBER
Classification number 005.8THO
100 ## - MAIN ENTRY--AUTHOR NAME
Personal name Thomas, Tom
245 ## - TITLE STATEMENT
Title Network Security First-Step
250 ## - EDITION STATEMENT
Edition statement 2nd Edition.
260 ## - PUBLICATION, DISTRIBUTION, ETC. (IMPRINT)
Place of publication New Delhi:
Name of publisher Pearson Education,
Year of publication 2012.
300 ## - PHYSICAL DESCRIPTION
Number of Pages XXIV,423p. ;
650 ## - SUBJECT ADDED ENTRY--TOPICAL TERM
Topical Term Network Security
700 ## - ADDED ENTRY--PERSONAL NAME
Personal name Stoddard, Donald
856 ## - ELECTRONIC LOCATION AND ACCESS
Uniform Resource Identifier http://10.10.170.122:8080/browse/book/22884
942 ## - ADDED ENTRY ELEMENTS (KOHA)
Koha item type Books
Holdings
Withdrawn status Lost status Collection code Home library Current library Shelving location Date acquired Cost, normal purchase price Full call number Accession Number Koha item type
    Reference Reference Section Reference Section Reference 13/11/2020 1630.00 005.8 THO (Shelf - 13C) 58132 Books
    Reference Reference Section Reference Section Reference 13/11/2020 1630.00 005.8 THO (Shelf - 13C) 58133 Books
    Reference Reference Section Reference Section Reference 13/11/2020 1630.00 005.8 THO (Shelf - 13C) 58134 Books
    Reference Reference Section Reference Section Reference 13/11/2020 1630.00 005.8 THO (Shelf - 13C) 58135 Books
    Reference Reference Section Reference Section Reference 13/11/2020 1630.00 005.8 THO (Shelf - 13C) 58136 Books